03359nab a2200265 i 4500003000900000005001700009008004100026040001800067072000800085072000800093100002900101100003400130245011900164500009200283520115400375520121601529650001802745650001402763650001302777650001502790773018302805856007802988942000803066999001903074BR-BrBNA20241008133559.0241008b2004 bl.qr|pooa||| 00| 0 por | aBR-BrBNAbpor aF50 aF70 aSilva, Marcos José da  aSales, Margareth Ferreira de  aO gênero Phyllanthus L. (Phyllantheae - Euphorbiaceae Juss.) no bioma Caatinga do estado de Pernambuco - Brasil  aPublicação on-line; Bibliography p. 123-126 (56 ref.); 6 illus.; Summaries (En, Pt) a RESUMO O estudo taxonômico de Phyllanthus L. no bioma Caatinga de Pernambuco foi realizado através da análise morfológica de materiais herborizados e de observações de campo. Constataramse 11 taxa: Phyllanthus acuminatus Vahl., P. amarus Schumach. & Thonn., P. caroliniensis Walt. subsp. caroliniensis., P. claussenii Müll. Arg., P. jacobinensis Müll. Arg., P. klotzschianus Müll. Arg., P. minutulus Müll. Arg., P niruri L., P. heteradenius Müll. Arg., P. stipulatus (Raf.) Webster e P. tenellus Roxb. Os principais caracteres morfológicos utilizados para separação das espécies foram o hábito, o padrão de ramificação, a forma do disco glandular das flores de ambos os sexos, o número e união dos estames e a ornamentação das sementes. A maior parte das espécies apresenta distribuição nas subzonas do agreste e sertão em vegetação de Caatinga. Apenas P. acuminatus Vahl, P. minutulus Müll. Arg. e P. stipulatus (Raf.) Webster foram encontradas exclusivamente na subzona do Agreste, nas florestas Montanas. Palavras chaves: Phyllanthus, Euphorbiaceae, Taxonomia, Caatinga, Pernambuco a ABSTRACT The taxonomic study of species in the genus Phyllanthus L. in the caatinga biome of the State of Pernambuco was carried out based on morphological analysis of fresh material or from specimen vouchers of the local herbaria. Eleven taxa were recorded: Phyllanthus acuminatus Vahl, P. amarus Schumach. & Thonn., P. caroliniensis Walt. subsp. caroliniensis, P. claussenii Müll. Arg., P. heteradenius Müll. Arg., P. jacobinensis Müll. Arg., P. klotzschianus Müll. Arg., P. minutulus Müll. Arg., P niruri L., P. orbiculatus Rich., P. stipulatus (Raf.) Webster. and P. tenellus Roxb. The main morphological features used for delimitation of the species were habit, branching pattern, shape of the glandular disk on both male and female flowers, number and union of the stamens, type of dehiscence of anthers and seed coat. Most species present geographical distribution in steppe-savannah vegetation on different vegetational physiognomies (Agreste and Sertão). Only P. acuminatus Vahl., P. minutulus Müll. Arg. and P. stipulatus (Raf.) Webster occur exclusively in the upland forests within the Agreste Zone. Key words: Phyllanthus, Euphorbiaceae, Taxonomy, Caatinga, Pernambuco’s state.  aEUPHORBIACEAE aTAXONOMIA aCAATINGA aPERNAMBUCO0 07099345133dRio de Janeiro-RJ Jardim Botanico do Rio de Janeiro 1935o2024-5590tRodriguésia (Brazil)x0370-6583; 2175-7860 on-linegv. 55(84) p. 101-126; (2004)wBR2024003218 uhttps://www.scielo.br/j/rod/a/bNJtGTzrVxbyXKRCp9K99Jm/?format=pdf&lang=pt cANA c327994d327994